Sustainable Development and Corporate Social Responsibility

Saved in:
Bibliographic Details
Main Author: Zhang, Dongyong
Other Authors: Morse, Stephen, Kambhampati, Uma
Format: Book
Language:English
Published: Abingdon Routledge 2018
Subjects:
Tags: Add Tag
No Tags, Be the first to tag this record!

MARC

LEADER 00000nam a2200000 4500
001 0248110
005 20240221113226.0
020 |a 978-1-138-81044-0 
020 |a 978-1-138-81043-3 
041 0 |a eng 
044 |a US 
245 1 0 |a Sustainable Development and Corporate Social Responsibility  |c Dongyong Zhang, Stephen Morse, Uma Kambhampati 
264 1 |a Abingdon  |b Routledge  |c 2018 
300 |a 269 s. 
610 2 0 |a firmy 
610 2 0 |a správanie 
610 2 0 |a zodpovednosť podniku spoločenská 
610 2 0 |a rozvoj trvalo udržateľný 
610 2 0 |a krajiny rozvojové 
610 2 0 |a rozvoj hospodársky 
610 2 0 |a štúdie prípadové 
610 2 0 |a stratégia podniková 
610 2 0 |a Čína 
100 1 |a Zhang, Dongyong 
700 1 |a Morse, Stephen 
700 1 |a Kambhampati, Uma